书目信息 |
| 题名: |
新时代工业园区绿色发展与模式构建
|
|
| 作者: | 姚扬 , 乔琦 编著 | |
| 分册: | ||
| 出版信息: | 北京 化学工业出版社 2025.01 |
|
| 页数: | 320页 | |
| 开本: | 26cm | |
| 丛书名: | 工业污染源控制与管理丛书 | |
| 单 册: | ||
| 中图分类: | X322 | |
| 科图分类: | ||
| 主题词: | 工业污染防治--gong ye wu ran fang zhi--研究 | |
| 电子资源: | ||
| ISBN: | 978-7-122-42840-0 | |
| 000 | 01562nam 2200301 450 | |
| 001 | 89797 | |
| 005 | 20250814204501.97 | |
| 010 | @a978-7-122-42840-0@dCNY158.00 | |
| 100 | @a20241128d2025 em y0chiy50 ea | |
| 101 | 0 | @achi |
| 102 | @aCN@b110000 | |
| 105 | @aak a 001yy | |
| 106 | @ar | |
| 200 | 1 | @a新时代工业园区绿色发展与模式构建@Axin shi dai gong ye yuan qu lv se fa zhan yu mo shi gou jian@d= Green development and model construction of industrial parks in the new era@f姚扬, 乔琦等编著@zeng |
| 210 | @a北京@c化学工业出版社@d2025.01 | |
| 215 | @a320页@c图@d26cm | |
| 225 | 2 | @a工业污染源控制与管理丛书@Agong ye wu ran yuan kong zhi yu guan li cong shu |
| 300 | @a“十四五”国家重点出版物出版规划项目 国家出版基金项目 | |
| 320 | @a有书目和索引 | |
| 330 | @a本书在探讨中国工业园区发展历程及现状的基础上, 从经济环境综合绩效、对环保新道路发展的贡献、对生态文明建设的贡献等多个角度分析工业园区走绿色发展之路的必然性和战略意义, 较为系统地从企业层面、产业共生、转型升级、废物循环利用、资源能源高效利用等五个方面, 总结了21世纪以来20年内特别是党的十八大之后我国工业园区绿色发展的模式和典型案例, 进一步从模式选择、制度保障、政策支持等方面展望了未来我国工业园区绿色发展的下一步方向。 | |
| 410 | 0 | @12001 @a工业污染源控制与管理丛书 |
| 510 | 1 | @aGreen development and model construction of industrial parks in the new era@zeng |
| 606 | 0 | @a工业污染防治@Agong ye wu ran fang zhi@x研究 |
| 690 | @aX322@v5 | |
| 701 | 0 | @a姚扬@Ayao yang@4编著 |
| 701 | 0 | @a乔琦@Aqiao qi@4编著 |
| 801 | 0 | @aCN@c20250909 |
| 905 | @a河南城建学院图书馆@dX322@eY376@f1 | |
| 新时代工业园区绿色发展与模式构建= Green development and model construction of industrial parks in the new era/姚扬, 乔琦等编著.-北京:化学工业出版社,2025.01 |
| 320页:图;26cm.-(工业污染源控制与管理丛书) |
| “十四五”国家重点出版物出版规划项目 国家出版基金项目 |
| ISBN 978-7-122-42840-0:CNY158.00 |
| 本书在探讨中国工业园区发展历程及现状的基础上, 从经济环境综合绩效、对环保新道路发展的贡献、对生态文明建设的贡献等多个角度分析工业园区走绿色发展之路的必然性和战略意义, 较为系统地从企业层面、产业共生、转型升级、废物循环利用、资源能源高效利用等五个方面, 总结了21世纪以来20年内特别是党的十八大之后我国工业园区绿色发展的模式和典型案例, 进一步从模式选择、制度保障、政策支持等方面展望了未来我国工业园区绿色发展的下一步方向。 |
| ● |
| 相关链接 |
|
|
|
正题名:新时代工业园区绿色发展与模式构建
索取号:X322/Y376
 
预约/预借
| 序号 | 登录号 | 条形码 | 馆藏地/架位号 | 状态 | 备注 |
| 1 | 1623759 | 216237597 | 自科库501/501自科库 66排6列1层/ [索取号:X322/Y376] | 在馆 |